000 00654nam a2200241Ia 4500
005 20260121112055.0
008 3090 260114s9999 xx 000 0 eng d
020 _a9789811230165
037 _aEBOOK
040 _aCRL
_beng
_cCRL
041 _aeng
_2eng
084 _qCRL
100 _aYee Jenn Jong
_9951803
245 0 _aJourney in Blue: a Peek Into the Workers' Party of Singapore
260 _bWorld Scientific
260 _bWSPC
260 _c2020
650 _aAsian Studies
_9951804
856 _uhttps://www.worldscientific.com/worldscibooks/10.1142/12096#t=toc
942 _cEBOOK
999 _c1540390
_d1540390